[Event "Berlin-ch Seniors op 26th"]
[Site "Berlin"]
[Date "2010.02.15"]
[Round "7"]
[White "Kolkwitz, Klaus"]
[Black "Ermann, Georg"]
[Result "1/2-1/2"]
[WhiteElo "1726"]
[BlackElo "1600"]
[PlyCount "56"]
[EventDate "2010.02.09"]
[EventType "swiss"]
[EventRounds "9"]
[EventCountry "GER"]
[SourceTitle "EXT 2012"]
[Source "ChessBase"]
[SourceDate "2011.11.24"]
[SourceVersion "1"]
[SourceVersionDate "2011.11.24"]
[SourceQuality "1"]

1. d4 d5 2. Bf4 Nf6 3. e3 Bf5 4. Nf3 h6 5. Bd3 Ne4 6. Nbd2 e6 7. Ne5 g5 8. Bxe4 gxf4 9. Bxf5 exf5 10. exf4 Nd7 11. Qe2 Nxe5 12. fxe5 Qd7 13. Nb3 0-0-0 14. 0-0-0 Re8 15. Rd3 Re6 16. Rhd1 Rg8 17. g3 Ra6 18. Nc5 Bxc5 19. dxc5 Rxa2 20. Qf3 Ra1+ 21. Kd2 Rxd1+ 22. Kxd1 Rd8 23. Ra3 a6 24. Qd3 Qe6 25. f4 c6 26. Qd4 Re8 27. Re3 Qg6 28. Qb4 Re7 1/2-1/2

[Event "Berlin-ch Seniors op 26th"]
[Site "Berlin"]
[Date "2010.02.09"]
[Round "1"]
[White "Fieguth, Bernd"]
[Black "Ermann, Georg"]
[Result "1-0"]
[WhiteElo "1863"]
[BlackElo "1600"]
[PlyCount "89"]
[EventDate "2010.02.09"]
[EventType "swiss"]
[EventRounds "9"]
[EventCountry "GER"]
[SourceTitle "EXT 2012"]
[Source "ChessBase"]
[SourceDate "2011.11.24"]
[SourceVersion "1"]
[SourceVersionDate "2011.11.24"]
[SourceQuality "1"]

1. c4 e5 2. Nc3 Nc6 3. Nf3 Nf6 4. g3 Be7 5. Bg2 0-0 6. 0-0 d6 7. d3 Rb8 8. Rb1 a6 9. Bd2 Bd7 10. b4 Qc8 11. b5 axb5 12. cxb5 Nd8 13. Re1 Ne6 14. e3 Nc5 15. Bc1 Bh3 16. Bh1 Bg4 17. Qc2 Qf5 18. e4 Qd7 19. Ba3 Ne6 20. Ne2 h6 21. Rec1 Rfe8 22. Bg2 Ng5 23. Nxg5 hxg5 24. f3 Be6 25. d4 exd4 26. Nxd4 Bh3 27. Bxh3 Qxh3 28. Nf5 Bf8 29. Bb2 Qh7 30. Qd2 g4 31. Bxf6 gxf6 32. fxg4 Qg6 33. Qf4 Ra8 34. Rc2 Ra4 35. b6 c6 36. Qf3 Rea8 37. Qe2 Re8 38. h3 Raxe4 39. Qf2 c5 40. Rd1 R4e6 41. Kf1 Bh6 42. Qf3 Qh7 43. Qxb7 Bf8 44. Qg2 d5 45. Rb2 1-0